00882nam a2200241 a 4500001001000000003000500010005001700015008004100032010001100073011001100084040000900095100002700104245015700131260004100288500006000329502008700389650001500476650001300491650001500504650002700519650002400546856007000570000109539CHAP20220329144054.0140508s2014 mx sm |||||||spa d a106001 a106973 cCHAP1 aReyes Medina, Marisela10aProducción de composta con aserrín utilizando el hongo (Trichoderma harzianum RIFAI), como agente degradadoresh[En línea]cMarisela Reyes Medina. aChapingo, Méx. :bEl autor,c2014. aPara ver el contenido del material haga clic en la liga aTesis (Ing. en Restauración Forestal) -- UACH. División de Ciencias Forestales14aAserrín.14aCompost.14aSustratos.14aTrichoderma harzianum.14aViveros forestales. aFinding aiduhttp://10.13.5.2/tesis/sist109539.pdfzTeclea aquí